| 000 | 01544cam a22004454i 4500 | ||
|---|---|---|---|
| 003 | PE-LiUPU | ||
| 005 | 20250731184526.0 | ||
| 008 | s1922 r 000 0 spa d | ||
| 035 | _a(Sirsi) a204042 | ||
| 040 |
_aPE-LiUPU _bspa _cPE-LiUPU _erda |
||
| 049 | _aPRUA | ||
| 082 | 0 | 4 |
_a960.93 _bV41 _220 |
| 100 | 1 |
_aVelikovsky, Immanuel, _eautor. |
|
| 245 | 1 | 0 |
_aAges in chaos / _cImmanuel Velikovsky. |
| 264 | 1 |
_aNew York : _bDoubleday, _c1952. |
|
| 300 |
_a350 páginas ; _c19 centímetros |
||
| 336 |
_text _2rdacontent |
||
| 337 |
_unmediated _2rdamedia |
||
| 338 |
_volume _2rdacarrier |
||
| 505 | 0 | _aIn search of a link between egyptian and israelite histories -- The hyksos -- The queen of sheba -- The temple in Jerusalem -- Ras shamra -- The el-amarna letters -- The el-amarna letthers -- The el-amarna letters. | |
| 526 | _aP136 | ||
| 526 | _aP135 | ||
| 526 | _aP134 | ||
| 526 | _aP133 | ||
| 526 | _aP144 | ||
| 526 | _aP143 | ||
| 526 | _aP87 | ||
| 526 | _aP35 | ||
| 526 | _aP20 | ||
| 526 | _aP14 | ||
| 526 | _aP10 | ||
| 526 | _aP06 | ||
| 650 | 1 | 4 |
_aJudíos _xHistoria _y1200-953 a.C. |
| 650 | 1 | 4 |
_aEgipto _xHistoria _yHasta 332 a.C. |
| 651 | 4 |
_aMedio Oriente _xHistoria _yHasta 622. |
|
| 596 | _a1 | ||
| 942 |
_2ddc _cBOOK |
||
| 999 |
_a960.93 V41 _wLC _c20421 _i76001 _d20421 _f2021-11-11 _g4 _lCCODEBUL1 _mBUL _p12.90 _q2 _r0 _sY _tBOOK _u2017-5-23 _xTEOLOGIA _PP85 _0COMPRA _o.STAFF. Colección Teología |
||
| 980 |
_81 _gALBERTO SANCHEZ Responsable de Automatización |
||